New York City W Train Stops With Map - Statistics

General Stats
  • This quiz has been taken 118 times
  • The average score is 21 of 23
Answers on the Map
Answers color-coded by a green-red scale on the quiz's map according to % correct below.
 
Answer Stats
Borough Station Service Answer % Correct
Manhattan WEEKDAYS EXCEPT LATE NIGHTS Whitehall St - South Ferry
100%
Manhattan WEEKDAYS EXCEPT LATE NIGHTS Rector St
94%
Manhattan WEEKDAYS EXCEPT LATE NIGHTS 14 St - Union Sq
91%
Manhattan WEEKDAYS EXCEPT LATE NIGHTS 23 St
91%
Manhattan WEEKDAYS EXCEPT LATE NIGHTS 34 St - Herald Sq
91%
Manhattan WEEKDAYS EXCEPT LATE NIGHTS 49 St
91%
Manhattan WEEKDAYS EXCEPT LATE NIGHTS 57 St - 7 Av
91%
Manhattan WEEKDAYS EXCEPT LATE NIGHTS 5 Av - 59 St
91%
Queens WEEKDAYS EXCEPT LATE NIGHTS Astoria Blvd
91%
Manhattan WEEKDAYS EXCEPT LATE NIGHTS Prince St
91%
Queens WEEKDAYS EXCEPT LATE NIGHTS Queensboro Plaza
91%
Manhattan WEEKDAYS EXCEPT LATE NIGHTS Times Sq - 42 St
91%
Manhattan WEEKDAYS EXCEPT LATE NIGHTS 28 St
88%
Queens WEEKDAYS EXCEPT LATE NIGHTS 36 Av
88%
Queens WEEKDAYS EXCEPT LATE NIGHTS 39 Av
88%
Manhattan WEEKDAYS EXCEPT LATE NIGHTS 8 St - NYU
88%
Queens WEEKDAYS EXCEPT LATE NIGHTS Astoria - Ditmars Blvd
88%
Queens WEEKDAYS EXCEPT LATE NIGHTS Broadway
88%
Manhattan WEEKDAYS EXCEPT LATE NIGHTS Canal St
88%
Manhattan WEEKDAYS EXCEPT LATE NIGHTS Lexington Av - 59 St
88%
Queens WEEKDAYS EXCEPT LATE NIGHTS 30 Av
85%
Manhattan WEEKDAYS EXCEPT LATE NIGHTS City Hall
85%
Manhattan WEEKDAYS EXCEPT LATE NIGHTS Cortlandt St
82%
No matching quizzes found
Score Distribution
Percent of People with Each Score
Percentile by Number Answered
Your Score History
You have not taken this quiz